000 00621nam a2200181Ia 4500
003 GCL
008 140319s9999 xx 000 0 ara d
040 _aGCL /
_cGCL
082 0 4 _a320.531
_bس م
100 1 _aسارتر ، جان بول
245 1 0 _aالمادية الماركسية والثورة (هدية من الاديب عبدالفتاح الجمل) /
_cسارتر ، جان بول
300 _a79 ص
490 _aالهيئة العامة للاستعلامات
_v0
650 0 4 _aالماركسية
650 0 4 _aالاشتراكية
650 0 4 _aالاشتراكية المادية
942 _2ddc
_cBK
999 _c47170
_d47170